LDR 01489naa#a2200193#i#450# 001 RU\\bibl\122339 005 20260501175049.5 011 ## _a2307-7476 100 ## _a20260410b2026####ek#y0rusy0150####ca 102 ## _aRU 200 1# _aПРОГНОЗИРОВАНИЕ ПОЖАРНОЙ ОПАСНОСТИ НА ОСНОВЕ НЕЙРОСЕТЕВОЙ ОБРАБОТКИ ДАННЫХ КОСМИЧЕСКОГО МОНИТОРИНГА _eЖурнальная статья 210 1# _aСанкт-Петербург _cСанкт-Петербургский университет Государственной противопожарной службы Министерства Российской Федерации по делам гражданской обороны, чрезвычайным ситуациям и ликвидации последствий стихийных бедствий имени Героя Российской Федерации генерала армии Е.Н. Зиничева _d2026 215 ## _a10 с. 608 ## _aЖурнальная статья _2local 675 ## _aИскусственный интеллект. 004.8 _aНесчастные случаи, их опасность, профилактика и борьба с ними. 614.8 _z 700 #1 _aОстудин _gНикита Вадимович 700 #1 _aМатвеев _gАлександр Владимирович 700 #1 _aСавинова _gЕкатерина Сергеевна 856 4# _ajournals.igps.ru _u